Sports Quiz

Random Sports or Golf Quiz

32 Masters' Green Jacket Winners Quiz Stats

 Plays Quiz Updated Apr 8, 2018

Also try: Masters Winners
Challenge
Share
Tweet
Score 0/32 Timer 06:00
5 Plays Today
% Correct
Tiger Woods
98.6%
Phil Mickelson
92%
Bubba Watson
91.8%
Tom Watson
90.2%
Arnold Palmer
85.8%
Jack Nicklaus
85.7%
Vijay Singh
84.3%
Sergio Garcia
84.1%
Jordan Spieth
78.5%
Nick Faldo
73.7%
Patrick Reed
72.3%
Adam Scott
70.6%
Gary Player
69.3%
Ángel Cabrera
67.6%
Zach Johnson
65.8%
Fred Couples
64.1%
% Correct
Seve Ballesteros
59.2%
Danny Willett
57.6%
Bernhard Langer
55.4%
Mark O'Meara
52.2%
Mike Weir
51.8%
J. M. Olazábal
47.6%
Charl Schwartzel
47.3%
Craig Stadler
46%
Ian Woosnam
45%
Ben Crenshaw
40.7%
Sam Snead
40.7%
Trevor Immelman
40.6%
Ben Hogan
40.5%
Sandy Lyle
33.7%
Larry Mize
29.9%
Fuzzy Zoeller
29.5%

You're not logged in!

Compare scores with friends on all Sporcle quizzes.
OR
Log In

You Might Also Like...

Show Comments

Extras

Top Quizzes Today


Score Distribution

Your Account Isn't Verified!

In order to create a playlist on Sporcle, you need to verify the email address you used during registration. Go to your Sporcle Settings to finish the process.

Report this User

Report this user for behavior that violates our Community Guidelines.

Details: